La casa de Bernarda Alba

Uloženo v:
Podrobná bibliografie
Hlavní autor: García Lorca, Federico (autor)
Médium: Kniha
Jazyk:španělština
Vydáno: Madrid Cátedra 2008
Vydání:4a. ed
Edice:Letras Hispánicas, 43
Témata:
Tagy: Přidat tag
Žádné tagy, Buďte první, kdo vytvoří štítek k tomuto záznamu!

MARC

LEADER 00000nam a2200000 a 4500
001 UCG1598
003 CL-VaPUC
008 100513e20080000SP |||||||||||||||||spa|d
020 |a 9788437622453 
082 0 4 |a 862  |b GAR  |2 21 
100 |a García Lorca, Federico   |e autor   |9 315690 
245 1 3 |a La casa de Bernarda Alba 
250 |a 4a. ed 
300 |a 280 p 
942 |c BK 
945 |d 20100513 00:00:00  |a rbrito 
260 |a Madrid  |b Cátedra  |c 2008 
650 0 |a Dramas españoles  |9 267081 
650 0 |a Teatro español  |9 265077 
583 |a last modification  |c 20100513 00:00:00  |k Rodrigo Vera 
490 0 |a Letras Hispánicas, 43 
999 |c 340922  |d 340920 
952 |0 0  |1 0  |4 0  |6 862_000000000000000_GAR_2008  |7 0  |8 R  |9 436073  |a BIBEDU  |b BIBEDU  |c MCIRC  |d 2019-11-22  |i 4674626  |l 2  |o 862 GAR 2008  |p 4674626  |r 2024-03-28  |s 2024-03-25  |w 2019-11-22  |y BK_R  |k LIT 
952 |0 0  |1 0  |4 0  |6 862_000000000000000_GAR_2008  |7 0  |8 R  |9 436074  |a BIBEDU  |b BIBEDU  |d 2019-11-22  |i 4674634  |o 862 GAR 2008  |p 4674634  |r 2019-11-22  |w 2019-11-22  |y BK_R  |k LIT